Statistics for Popular Games On Roblox

Click here to take the quiz!

General Stats

  • This quiz has been taken 11 times
  • The average score is 6 of 11

Answer Stats

HintAnswer% Correct
27.5BAdopt me
100%
5.6BJailbreak
90%
16.4BBrookhaven
80%
3.3BPet Simulator X
70%
5.7BBloxburg
60%
3.7BArsenal
40%
2.7BBedwars
40%
7.6BMurder Mystery 2
40%
7.4BRoyale High
40%
1.1BDa Hood
30%
1.6BIslands
30%

Score Distribution

Percentile by Number Answered

Percent of People with Each Score

Your Score History

You have not taken this quiz